[Event "GER-ch U18 Girls"]
[Site "Willingen"]
[Date "2016.05.19"]
[Round "7"]
[White "Hund, Sarah"]
[Black "Graf, Pia"]
[Result "0-1"]
[WhiteElo "1951"]
[BlackElo "1744"]
[PlyCount "84"]
[EventDate "2016.05.15"]
[EventType "swiss"]
[EventRounds "9"]
[EventCountry "GER"]
[SourceTitle "CBM 172 Extra"]
[Source "ChessBase"]
[SourceDate "2016.06.21"]
[SourceVersion "1"]
[SourceVersionDate "2016.06.21"]
[SourceQuality "1"]

1. e4 e6 2. d4 d5 3. Nc3 dxe4 4. Nxe4 Nd7 5. g3 Ngf6 6. Bg2 Be7 7. Ne2 Nxe4 8. Bxe4 Nf6 9. Bg2 0-0 10. 0-0 c5 11. Be3 cxd4 12. Bxd4 Qc7 13. c3 Bd7 14. Re1 Bc6 15. Bh3 Bf3 16. Qd3 Qc6 17. Qe3 b6 18. Be5 Qe4 19. Nd4 Qxe3 20. Rxe3 Bd5 21. Rd1 Bxa2 22. b3 Bc5 23. c4 Rfd8 24. Bg2 Ng4 25. Ree1 Nxe5 26. Bxa8 Rxa8 27. Rxe5 Rd8 28. Re4 Bxb3 29. Rd2 Bxc4 30. Nb3 Rxd2 31. Nxd2 Bd5 32. Ra4 a5 33. Kf1 Kf8 34. Ke2 Bc6 35. Ra1 a4 36. f4 Bd4 37. Ra2 b5 38. Kd3 Bd5 39. Rc2 Bg1 40. Nb1 b4 41. Rc8+ Ke7 42. Rb8 a3 0-1

[Event "GER-ch U18 Girls"]
[Site "Willingen"]
[Date "2016.05.15"]
[Round "1"]
[White "Graf, Pia"]
[Black "Stallknecht, Britta"]
[Result "0-1"]
[WhiteElo "1744"]
[BlackElo "1769"]
[PlyCount "82"]
[EventDate "2016.05.15"]
[EventType "swiss"]
[EventRounds "9"]
[EventCountry "GER"]
[SourceTitle "CBM 172 Extra"]
[Source "ChessBase"]
[SourceDate "2016.06.21"]
[SourceVersion "1"]
[SourceVersionDate "2016.06.21"]
[SourceQuality "1"]

1. e4 c5 2. c3 g6 3. d4 cxd4 4. cxd4 d5 5. e5 Nc6 6. Nf3 Bg4 7. Be2 Bxf3 8. Bxf3 e6 9. 0-0 Qb6 10. Qa4 Qxd4 11. Qb5 Qb4 12. Nc3 a6 13. Qe2 Bg7 14. Re1 Nge7 15. Bg5 0-0 16. a3 Qb6 17. Rab1 Nf5 18. Bf4 Rac8 19. Bg4 Nfe7 20. Qf3 Qc7 21. Qg3 Nd4 22. h4 Nef5 23. Qh2 h5 24. Bd1 Qb6 25. Ne2 Nxe2+ 26. Rxe2 Bh6 27. Re1 Bxf4 28. Qxf4 Rc4 29. Qg5 Rxh4 30. g3 Rc4 31. Bxh5 Qd8 32. Qxd8 Rxd8 33. Bd1 Rdc8 34. Bb3 R4c5 35. Kg2 Nd4 36. Bd1 Rc1 37. Ba4 Rxe1 38. Rxe1 b5 39. Rd1 Nc6 40. Bc2 Nxe5 41. Bb1 Nc4 0-1

[Event "GER-chT U20 Girls"]
[Site "Osnabrueck"]
[Date "2015.12.29"]
[Round "6.1"]
[White "Graf, Pia"]
[Black "Spangenberg, Romy"]
[Result "1/2-1/2"]
[WhiteElo "1684"]
[BlackElo "1844"]
[PlyCount "76"]
[EventDate "2015.12.27"]
[EventType "team-swiss"]
[EventRounds "7"]
[EventCountry "GER"]
[SourceTitle "EXT 2017"]
[Source "ChessBase"]
[SourceDate "2016.10.25"]
[SourceVersion "1"]
[SourceVersionDate "2016.10.25"]
[SourceQuality "1"]
[WhiteTeam "Chemnitz USG"]
[BlackTeam "Chemnitz Aufbau"]
[WhiteTeamCountry "GER"]
[BlackTeamCountry "GER"]

1. e4 c5 2. c3 d5 3. exd5 Qxd5 4. d4 Nf6 5. Nf3 Bg4 6. Be2 e6 7. Be3 cxd4 8. Qxd4 Nc6 9. Qd1 Be7 10. Nbd2 0-0 11. 0-0 Rad8 12. Re1 Rfe8 13. Qb3 Qxb3 14. Nxb3 Nd5 15. Bd2 Bd6 16. Nbd4 Nxd4 17. Nxd4 Bxe2 18. Nxe2 e5 19. Rad1 Nb6 20. Ng3 Nc4 21. Bc1 Bc7 22. b3 Nd6 23. c4 b6 24. Bb2 f6 25. Bc3 Nf7 26. Nf5 Rxd1 27. Rxd1 Rd8 28. Ne7+ Kf8 29. Rxd8+ Nxd8 30. Nd5 Bd6 31. g3 Kf7 32. Bb4 Ke6 33. f3 Bxb4 34. Nxb4 Kd6 35. Kf2 Nc6 36. Nxc6 Kxc6 37. b4 f5 38. Ke3 g6 1/2-1/2

[Event "GER-chT U20 Girls"]
[Site "Osnabrueck"]
[Date "2015.12.29"]
[Round "5.1"]
[White "Klek, Hanna Marie"]
[Black "Graf, Pia"]
[Result "1-0"]
[WhiteElo "2247"]
[BlackElo "1684"]
[PlyCount "43"]
[EventDate "2015.12.27"]
[EventType "team-swiss"]
[EventRounds "7"]
[EventCountry "GER"]
[SourceTitle "EXT 2017"]
[Source "ChessBase"]
[SourceDate "2016.10.25"]
[SourceVersion "1"]
[SourceVersionDate "2016.10.25"]
[SourceQuality "1"]
[WhiteTeam "Bechhofen"]
[BlackTeam "Chemnitz USG"]
[WhiteTeamCountry "GER"]
[BlackTeamCountry "GER"]

1. e4 e6 2. d4 d5 3. Nd2 c5 4. exd5 exd5 5. Bb5+ Nc6 6. Ngf3 Nf6 7. 0-0 Bd6 8. dxc5 Bxc5 9. Nb3 Be7 10. h3 0-0 11. Nbd4 Qb6 12. Bd3 Ne4 13. Nb3 Be6 14. Be3 Qc7 15. c3 f6 16. Nfd4 Bf7 17. Nf5 Bd8 18. Qg4 Bg6 19. Bxe4 Ne5 20. Bxd5+ Kh8 21. Qb4 Bxf5 22. Qxf8# 1-0

[Event "GER-chT U14 Girls"]
[Site "Magdeburg"]
[Date "2012.12.29"]
[Round "6.2"]
[White "Graf, Pia"]
[Black "Du, Katharina"]
[Result "1/2-1/2"]
[WhiteElo "1475"]
[BlackElo "1442"]
[PlyCount "111"]
[EventDate "2012.12.27"]
[EventType "team-swiss"]
[EventRounds "7"]
[EventCountry "GER"]
[SourceTitle "EXT 2014"]
[Source "ChessBase"]
[SourceDate "2013.11.20"]
[SourceVersion "1"]
[SourceVersionDate "2013.11.20"]
[SourceQuality "1"]
[WhiteTeam "Chemnitz USG"]
[BlackTeam "Berlin Empor"]
[WhiteTeamCountry "GER"]
[BlackTeamCountry "GER"]

1. e4 c5 2. c3 Nc6 3. d4 cxd4 4. cxd4 d6 5. Nf3 Nf6 6. Nc3 Bg4 7. Be2 g6 8. 0-0 Bg7 9. Be3 0-0 10. h3 Bxf3 11. Bxf3 a6 12. Ne2 Rc8 13. Rc1 Qa5 14. Qb3 Qb4 15. Rc3 Qxb3 16. Rxb3 Na5 17. Rc3 Rc4 18. e5 dxe5 19. dxe5 Nd7 20. Rxc4 Nxc4 21. Bxb7 Ndxe5 22. Bxa6 Nxb2 23. Bb5 Rb8 24. a4 Nbc4 25. Bf4 Nd6 26. Rb1 Nec4 27. Rb3 Ra8 28. Rb4 Nxb5 29. Rxb5 e5 30. Rb4 Na5 31. Bd2 f5 32. g3 e4 33. g4 Nc6 34. Rc4 Ne5 35. Rc3 Nf3+ 36. Rxf3 exf3 37. Nc3 Bxc3 38. Bxc3 fxg4 39. a5 Kf7 40. hxg4 Ke6 41. Kh2 Kd5 42. Kg3 Ke4 43. Bd2 Kd3 44. Bb4 Ke2 45. Bc3 Rc8 46. Bd4 Ra8 47. Bb6 g5 48. Kh3 Kd3 49. Kg3 Ke4 50. Kh3 Rb8 51. Kg3 Rb7 52. Be3 h6 53. a6 Rb1 54. Kh2 Kd3 55. a7 Ra1 56. Kg3 1/2-1/2

[Event "GER-chT U14 Girls"]
[Site "Magdeburg"]
[Date "2012.12.29"]
[Round "5.2"]
[White "Sewald, Kathrin"]
[Black "Graf, Pia"]
[Result "1/2-1/2"]
[WhiteElo "1335"]
[BlackElo "1475"]
[PlyCount "97"]
[EventDate "2012.12.27"]
[EventType "team-swiss"]
[EventRounds "7"]
[EventCountry "GER"]
[SourceTitle "EXT 2014"]
[Source "ChessBase"]
[SourceDate "2013.11.20"]
[SourceVersion "1"]
[SourceVersionDate "2013.11.20"]
[SourceQuality "1"]
[WhiteTeam "Porz SG"]
[BlackTeam "Chemnitz USG"]
[WhiteTeamCountry "GER"]
[BlackTeamCountry "GER"]

1. e4 e6 2. d4 d5 3. Nc3 Bb4 4. Bd3 Bd7 5. e5 c5 6. a3 cxd4 7. axb4 dxc3 8. bxc3 Qc7 9. Ne2 Qxe5 10. 0-0 Nc6 11. Re1 Qc7 12. Be3 b6 13. Nd4 Nf6 14. Nb5 Qb8 15. Qd2 0-0 16. Bf4 e5 17. Bg3 Re8 18. Nd4 Re7 19. Qg5 h6 20. Nxc6 Bxc6 21. Qf5 Bd7 22. Qf3 Qe8 23. Ba6 Bc6 24. Qd3 b5 25. Ra5 Rb8 26. Qf5 Bd7 27. Qf3 Rb6 28. Rea1 Ree6 29. Bh4 Ne4 30. Qd3 Bc6 31. f3 Nd6 32. Bf2 d4 33. cxd4 exd4 34. Bxd4 Rb8 35. Qc3 Nc4 36. R5a2 Rg6 37. Re1 Qd7 38. Rd1 Rd6 39. Rd3 Rd8 40. Bxg7 Rxd3 41. cxd3 Qxd3 42. Qxd3 Rxd3 43. Bxh6 Rb3 44. Bc8 Rxb4 45. Rxa7 Ne5 46. Bf5 Rd4 47. Re7 Rd5 48. Bc2 Rc5 49. Bb1 1/2-1/2

[Event "GER-chT U14 Girls"]
[Site "Magdeburg"]
[Date "2012.12.28"]
[Round "3.2"]
[White "Lohrmann, Tabea"]
[Black "Graf, Pia"]
[Result "0-1"]
[WhiteElo "1461"]
[BlackElo "1475"]
[PlyCount "118"]
[EventDate "2012.12.27"]
[EventType "team-swiss"]
[EventRounds "7"]
[EventCountry "GER"]
[SourceTitle "EXT 2014"]
[Source "ChessBase"]
[SourceDate "2013.11.20"]
[SourceVersion "1"]
[SourceVersionDate "2013.11.20"]
[SourceQuality "1"]
[WhiteTeam "Freiburg Zaehringen"]
[BlackTeam "Chemnitz USG"]
[WhiteTeamCountry "GER"]
[BlackTeamCountry "GER"]

1. e4 e6 2. d4 d5 3. exd5 exd5 4. Bd3 Nf6 5. Nf3 c5 6. dxc5 Bxc5 7. 0-0 0-0 8. Bg5 Qb6 9. Qc1 Bg4 10. Nc3 Nbd7 11. Na4 Qc6 12. Nxc5 Qxc5 13. Qf4 Be6 14. Ne5 Nxe5 15. Qxe5 Nd7 16. Qg3 Qd4 17. c3 Qg4 18. Qxg4 Bxg4 19. Rfe1 Rfe8 20. f3 Bh5 21. Bb5 Rxe1+ 22. Rxe1 f6 23. Re7 Ne5 24. Be3 b6 25. Rc7 Bf7 26. b3 Be6 27. Ba6 Bf7 28. Bf2 Kf8 29. f4 Ng6 30. g3 Ne7 31. Kg2 Be6 32. Be3 Ke8 33. Bb5+ Kd8 34. Rxa7 Rxa7 35. Bxb6+ Rc7 36. Bxc7+ Kxc7 37. Kf3 Kb6 38. Bd3 h6 39. h4 Nc6 40. b4 d4 41. cxd4 Nxd4+ 42. Ke4 Nc6 43. b5 f5+ 44. Ke3 Nb4 45. a4 Ka5 46. Kd4 Kxa4 47. b6 Bc8 48. Bc4 Ka5 49. Kc5 Nc2 50. Kc6 Nb4+ 51. Kc7 Ba6 52. b7 Bxc4 53. b8N Na6+ 54. Nxa6 Bxa6 55. Kd6 Kb4 56. Ke6 Bd3 57. Kf7 Be2 58. Kxg7 h5 59. Kf6 Bg4 0-1

[Event "Sachsen-ch U14 Girls"]
[Site "Sebnitz"]
[Date "2012.04.14"]
[Round "7"]
[White "Graf, Pia"]
[Black "Pfuetzner, Lisa"]
[Result "1/2-1/2"]
[WhiteElo "1230"]
[BlackElo "1107"]
[PlyCount "47"]
[EventDate "2012.04.10"]
[EventType "swiss"]
[EventRounds "7"]
[EventCountry "GER"]
[SourceTitle "CBM 148 Extra"]
[Source "ChessBase"]
[SourceDate "2012.06.22"]
[SourceVersion "1"]
[SourceVersionDate "2012.06.22"]
[SourceQuality "1"]

1. e4 c5 2. c3 d6 3. d4 cxd4 4. cxd4 Nf6 5. Nc3 g6 6. Nf3 Bg7 7. Be2 0-0 8. 0-0 Bg4 9. h3 Bxf3 10. Bxf3 Nc6 11. Be3 a6 12. Rc1 Nd7 13. a3 Rc8 14. Qd3 e6 15. Ne2 Qe7 16. Rc2 Rc7 17. d5 exd5 18. exd5 Nce5 19. Qd1 Nxf3+ 20. gxf3 Rxc2 21. Qxc2 Ne5 22. Kg2 Qf6 23. Qe4 Nd7 24. Bd4 1/2-1/2

[Event "Sachsen-ch U14 Girls"]
[Site "Sebnitz"]
[Date "2012.04.12"]
[Round "4"]
[White "Kempe, Anne"]
[Black "Graf, Pia"]
[Result "1-0"]
[WhiteElo "1648"]
[BlackElo "1230"]
[PlyCount "131"]
[EventDate "2012.04.10"]
[EventType "swiss"]
[EventRounds "7"]
[EventCountry "GER"]
[SourceTitle "CBM 148 Extra"]
[Source "ChessBase"]
[SourceDate "2012.06.22"]
[SourceVersion "1"]
[SourceVersionDate "2012.06.22"]
[SourceQuality "1"]

1. e4 e6 2. d4 d5 3. Nc3 Bb4 4. e5 c5 5. a3 Bxc3+ 6. bxc3 Ne7 7. Nf3 Nbc6 8. Be2 Bd7 9. 0-0 Qa5 10. Bd2 c4 11. h3 0-0-0 12. Qb1 f6 13. Qb2 Be8 14. Bf4 Rd7 15. Rfe1 Nd8 16. Qb4 Qc7 17. exf6 Qxf4 18. fxe7 Nc6 19. Qb2 Rxe7 20. Qc1 Qc7 21. Qe3 h6 22. Nh2 Bd7 23. Bf3 Rhe8 24. Ng4 Qa5 25. Qd2 Kb8 26. Ne5 Nxe5 27. Rxe5 Rf8 28. Bxd5 Rf5 29. Rxf5 exf5 30. Bxc4 Ba4 31. Bb3 Rc7 32. Re1 Bd7 33. Be6 Qxa3 34. Bxd7 Rxd7 35. Qf4+ Qd6 36. Qxf5 g6 37. Re8+ Kc7 38. Qa5+ Qb6 39. Qxb6+ Kxb6 40. Re6+ Kb5 41. Re5+ Kc6 42. Rc5+ Kb6 43. Kf1 Re7 44. c4 Rd7 45. c3 a6 46. Ke2 Rc7 47. Rxc7 Kxc7 48. Kd3 Kc6 49. f4 a5 50. g4 Kd6 51. Kc2 Ke6 52. Kb3 h5 53. Ka4 hxg4 54. hxg4 b6 55. Kb5 Kd6 56. f5 gxf5 57. gxf5 Ke7 58. c5 bxc5 59. Kxc5 a4 60. Kb4 Kf6 61. Kxa4 Kxf5 62. Kb5 Ke6 63. Kc6 Ke7 64. Kc7 Ke6 65. c4 Ke7 66. d5 1-0

[Event "Sachsen-ch U14 Girls"]
[Site "Sebnitz"]
[Date "2011.04.29"]
[Round "5"]
[White "Gaul, Lisa Marie"]
[Black "Graf, Pia"]
[Result "0-1"]
[WhiteElo "1180"]
[BlackElo "1143"]
[PlyCount "66"]
[EventDate "2011.04.26"]
[EventType "swiss"]
[EventRounds "7"]
[EventCountry "GER"]
[SourceTitle "EXT 2012"]
[Source "ChessBase"]
[SourceDate "2011.11.24"]
[SourceVersion "1"]
[SourceVersionDate "2011.11.24"]
[SourceQuality "1"]

1. e4 e6 2. d4 d5 3. exd5 exd5 4. Nc3 Nf6 5. Bd3 Bb4 6. Bd2 Nc6 7. Nf3 0-0 8. 0-0 Bg4 9. Be2 Re8 10. a3 Ba5 11. b4 Bb6 12. Be3 Ne4 13. Nxe4 dxe4 14. d5 exf3 15. Bxf3 Bxf3 16. Qxf3 Ne5 17. Qg3 Bxe3 18. fxe3 Qxd5 19. a4 Qc4 20. b5 Ng4 21. Rf4 Qc3 22. Rb1 Qxe3+ 23. Qxe3 Nxe3 24. c3 Nd5 25. Rc4 Re3 26. Rc1 Rae8 27. Rc2 Re2 28. Rc1 Re1+ 29. Rxe1 Rxe1+ 30. Kf2 Rc1 31. Rc5 Nxc3 32. Re5 Kf8 33. Re3 Nd1+ 0-1

[Event "Sachsen-ch U12 Girls"]
[Site "Sebnitz"]
[Date "2009.04.17"]
[Round "6"]
[White "Graf, Pia"]
[Black "Winkelmann, Elise"]
[Result "0-1"]
[WhiteElo "912"]
[BlackElo "1123"]
[PlyCount "88"]
[EventDate "2009.04.14"]
[EventType "swiss"]
[EventRounds "7"]
[EventCountry "GER"]
[SourceTitle "EXT 2010"]
[Source "ChessBase"]
[SourceDate "2010.11.25"]
[SourceVersion "1"]
[SourceVersionDate "2010.11.25"]
[SourceQuality "1"]

1. e4 d5 2. exd5 Qxd5 3. Nc3 Qa5 4. d4 c6 5. Nf3 Nf6 6. Bd2 Qd8 7. Bd3 Bg4 8. Be2 Bxf3 9. Bxf3 Qxd4 10. 0-0 Qd8 11. Qe2 e6 12. Rfd1 Nbd7 13. Ne4 Be7 14. Be3 Qc7 15. Nxf6+ Bxf6 16. c3 0-0 17. Be4 Rad8 18. Qh5 g6 19. Qf3 Bg7 20. Bg5 f6 21. Bf4 e5 22. Be3 f5 23. Bc2 e4 24. Qe2 Kh8 25. Bxa7 b6 26. Bxb6 Qxb6 27. Rab1 Bh6 28. Rd4 Ne5 29. Rxd8 Rxd8 30. Rd1 Rxd1+ 31. Qxd1 Qxb2 32. Qd8+ Kg7 33. Qe7+ Nf7 34. Bd1 Qd2 35. g3 Qxd1+ 36. Kg2 Qf3+ 37. Kg1 Qxc3 38. a3 c5 39. Qa7 c4 40. a4 Qe1+ 41. Kg2 c3 42. Qc7 e3 43. fxe3 Qe2+ 44. Kh1 Qf1# 0-1

[Event "Sachsen-ch U12 Girls"]
[Site "Sebnitz"]
[Date "2009.04.17"]
[Round "7"]
[White "Schlemmer, Elisabeth"]
[Black "Graf, Pia"]
[Result "0-1"]
[WhiteElo "1101"]
[BlackElo "912"]
[PlyCount "82"]
[EventDate "2009.04.14"]
[EventType "swiss"]
[EventRounds "7"]
[EventCountry "GER"]
[SourceTitle "EXT 2010"]
[Source "ChessBase"]
[SourceDate "2010.11.25"]
[SourceVersion "1"]
[SourceVersionDate "2010.11.25"]
[SourceQuality "1"]

1. e4 e6 2. d4 d5 3. exd5 exd5 4. Bd3 c5 5. Nf3 Nc6 6. Be3 Qb6 7. b3 Bd7 8. Be2 Bd6 9. Nc3 Nge7 10. Nb5 Nb4 11. Nxd6+ Qxd6 12. dxc5 Qc7 13. a3 Nbc6 14. b4 0-0 15. h3 Ne5 16. Nxe5 Qxe5 17. Bd4 Qe6 18. 0-0 Qg6 19. Bg4 Nf5 20. Bh5 Qg5 21. Bc3 Nh4 22. Bg4 f5 23. Qxd5+ Rf7 24. Bd2 Qg6 25. g3 fxg4 26. Kh2 Nf3+ 27. Kg2 Bc6 28. Qa2 Nxd2+ 29. Kg1 Nxf1 30. Rxf1 gxh3 31. Kh2 Bg2 32. Re1 Qf6 33. Re2 Qd4 34. Re7 Bd5 35. Qxd5 Qxd5 36. Kxh3 Qh5+ 37. Kg2 Raf8 38. Rxf7 Qd5+ 39. Kh2 Rxf7 40. a4 Rxf2+ 41. Kh3 Qh5# 0-1

[Event "Sachsen-ch U12 Girls"]
[Site "Sebnitz"]
[Date "2009.04.15"]
[Round "3"]
[White "Graf, Pia"]
[Black "Fischer, Franziska"]
[Result "1-0"]
[WhiteElo "912"]
[BlackElo "726"]
[PlyCount "63"]
[EventDate "2009.04.14"]
[EventType "swiss"]
[EventRounds "7"]
[EventCountry "GER"]
[SourceTitle "EXT 2010"]
[Source "ChessBase"]
[SourceDate "2010.11.25"]
[SourceVersion "1"]
[SourceVersionDate "2010.11.25"]
[SourceQuality "1"]

1. e4 e5 2. Nf3 d6 3. c3 Nf6 4. d3 Be7 5. Bg5 0-0 6. Nbd2 Bg4 7. Be2 Nc6 8. 0-0 b6 9. d4 Qd7 10. h3 Bxh3 11. Bxf6 Bxf6 12. Nc4 Qg4 13. Ne3 Qg6 14. Re1 exd4 15. cxd4 Rae8 16. Bb5 Rxe4 17. g3 Bh4 18. Nf1 Bxf1 19. Kxf1 d5 20. Nxh4 Qh6 21. Rxe4 dxe4 22. Rc1 g5 23. Rxc6 Qg7 24. Nf5 Qh8 25. Nh6+ Kg7 26. Qg4 f6 27. Nf5+ Kg8 28. Bc4+ Rf7 29. Bxf7+ Kxf7 30. Qh5+ Kf8 31. Re6 c6 32. Qe8# 1-0

[Event "Sachsen-ch U12 Girls"]
[Site "Sebnitz"]
[Date "2009.04.14"]
[Round "1"]
[White "Graf, Pia"]
[Black "Nitzsche, Pia"]
[Result "0-1"]
[WhiteElo "912"]
[BlackElo "1228"]
[PlyCount "106"]
[EventDate "2009.04.14"]
[EventType "swiss"]
[EventRounds "7"]
[EventCountry "GER"]
[SourceTitle "EXT 2010"]
[Source "ChessBase"]
[SourceDate "2010.11.25"]
[SourceVersion "1"]
[SourceVersionDate "2010.11.25"]
[SourceQuality "1"]

1. e4 c5 2. Nf3 d6 3. c3 Nc6 4. d4 cxd4 5. cxd4 Nf6 6. Nc3 g6 7. Be3 Bg7 8. Bb5 Bd7 9. 0-0 0-0 10. Re1 a6 11. Ba4 b5 12. Bc2 Rc8 13. e5 dxe5 14. dxe5 Ng4 15. Bf4 Nb4 16. Bb3 a5 17. a4 bxa4 18. Nxa4 Bf5 19. Qxd8 Rfxd8 20. Nb6 Rc6 21. Nc4 Bc2 22. Nxa5 Rb6 23. Bc4 Rc8 24. e6 f6 25. Nd4 f5 26. Nf3 Bxb2 27. Rab1 Bxb1 28. Rxb1 Bg7 29. Bg5 Bf6 30. Bd2 Rcb8 31. Nb3 Nc6 32. Ng5 Nd4 33. Bf4 Rc8 34. Bd5 Ne2+ 35. Kf1 Nxf4 36. Nf7 Nxd5 37. h3 Ne5 38. Nh6+ Kg7 39. Nf7 Rc3 40. Nxe5 Bxe5 41. Re1 Rbxb3 42. Rxe5 Rc2 43. g3 Nc3 44. Rc5 Rbb2 45. Rc7 Kf6 46. Rc6 Ne4 47. Rxc2 Rxc2 48. g4 Ke5 49. gxf5 gxf5 50. Kg2 Kf4 51. h4 Rxf2+ 52. Kh3 Nd2 53. h5 Nf1 0-1

[Event "Sachsen-ch U10 Girls"]
[Site "Sebnitz"]
[Date "2007.04.13"]
[Round "5"]
[White "Graf, Pia"]
[Black "Jentzsch, Juliane"]
[Result "1/2-1/2"]
[WhiteElo "811"]
[BlackElo "856"]
[PlyCount "45"]
[EventDate "2007.04.10"]
[EventType "swiss"]
[EventRounds "7"]
[EventCountry "GER"]
[SourceTitle "EXT 2008"]
[Source "ChessBase"]
[SourceDate "2007.11.25"]
[SourceVersion "1"]
[SourceVersionDate "2007.11.25"]
[SourceQuality "1"]

1. e4 e5 2. Nc3 Nf6 3. Nf3 Nc6 4. Bc4 Bc5 5. 0-0 d6 6. Nd5 Bg4 7. Be2 Bh5 8. Ng5 Bxe2 9. Qxe2 h5 10. Nxf6+ Qxf6 11. d3 Qh6 12. a3 h4 13. Nh3 Qh7 14. b4 g5 15. bxc5 Rg8 16. cxd6 Qg7 17. Bxg5 f6 18. Qg4 Qh7 19. d7+ Kf7 20. Qxh4 Qxh4 21. Bxh4 Rg4 22. f3 Rxh4 23. f4 1/2-1/2

[Event "Sachsen-ch U10 Girls"]
[Site "Sebnitz"]
[Date "2007.04.13"]
[Round "6"]
[White "Winkelmann, Elise"]
[Black "Graf, Pia"]
[Result "1-0"]
[WhiteElo "790"]
[BlackElo "811"]
[PlyCount "73"]
[EventDate "2007.04.10"]
[EventType "swiss"]
[EventRounds "7"]
[EventCountry "GER"]
[SourceTitle "EXT 2008"]
[Source "ChessBase"]
[SourceDate "2007.11.25"]
[SourceVersion "1"]
[SourceVersionDate "2007.11.25"]
[SourceQuality "1"]

1. d4 d5 2. Nf3 Nf6 3. Bf4 Bf5 4. e3 e6 5. c4 Bb4+ 6. Nc3 Bd6 7. Bxd6 cxd6 8. Be2 0-0 9. 0-0 Ne4 10. Nxe4 dxe4 11. Nh4 Qxh4 12. Qb3 b6 13. Qb4 Rd8 14. c5 Nc6 15. Qb5 Qg5 16. Qxc6 Bh3 17. Qxe4 f5 18. Qxe6+ Kf8 19. Qd5 Rac8 20. Bc4 Qxg2+ 21. Qxg2 Bxg2 22. Kxg2 d5 23. Bd3 Rc6 24. Bxf5 Kg8 25. e4 dxe4 26. Bxe4 Re8 27. Bxc6 Re6 28. Bd5 Kf7 29. Bxe6+ Kxe6 30. Rfe1+ Kd5 31. Re5+ Kxd4 32. Re8 Kxc5 33. Rc1+ Kd5 34. Rc7 b5 35. Rxa7 b4 36. Rd7+ Kc4 37. Rc8+ 1-0

[Event "Sachsen-ch U10 Girls"]
[Site "Sebnitz"]
[Date "2007.04.11"]
[Round "3"]
[White "Beese, Franziska"]
[Black "Graf, Pia"]
[Result "1-0"]
[WhiteElo "782"]
[BlackElo "811"]
[PlyCount "89"]
[EventDate "2007.04.10"]
[EventType "swiss"]
[EventRounds "7"]
[EventCountry "GER"]
[SourceTitle "EXT 2008"]
[Source "ChessBase"]
[SourceDate "2007.11.25"]
[SourceVersion "1"]
[SourceVersionDate "2007.11.25"]
[SourceQuality "1"]

1. e4 e6 2. Nf3 d5 3. Bd3 dxe4 4. Bxe4 e5 5. Nc3 Nf6 6. d3 Ng4 7. 0-0 Bc5 8. Bg5 Qd6 9. h3 Nf6 10. Nb5 Qd8 11. Nh4 0-0 12. Qf3 Be7 13. Be3 Nxe4 14. dxe4 Bxh4 15. Rad1 Bd7 16. Nc3 Nc6 17. g3 Nd4 18. Qg2 Be7 19. f4 Qc8 20. fxe5 Bxh3 21. Qf2 Bxf1 22. Rxf1 Bc5 23. Qh2 Nf3+ 24. Rxf3 Bxe3+ 25. Rxe3 Qd8 26. g4 Qd4 27. Qh3 Qxe5 28. Qh4 Qd4 29. Qg3 Qb4 30. Qh4 Qc5 31. Qh3 Qb4 32. Kg2 Rfd8 33. g5 Rd2+ 34. Kg3 Qd6+ 35. e5 Qd4 36. Rf3 Qg1+ 37. Kh4 Rd4+ 38. Kh5 g6+ 39. Kh6 Rad8 40. Ne2 Qd1 41. Ng1 Qxg1 42. Rf1 Rg4 43. Qf3 Qd4 44. Qxf7+ Kh8 45. Qg7# 1-0

[Event "Sachsen-ch U10 Girls"]
[Site "Sebnitz"]
[Date "2007.04.10"]
[Round "1"]
[White "Cozma, Diana"]
[Black "Graf, Pia"]
[Result "1-0"]
[WhiteElo "1010"]
[BlackElo "811"]
[PlyCount "51"]
[EventDate "2007.04.10"]
[EventType "swiss"]
[EventRounds "7"]
[EventCountry "GER"]
[SourceTitle "EXT 2008"]
[Source "ChessBase"]
[SourceDate "2007.11.25"]
[SourceVersion "1"]
[SourceVersionDate "2007.11.25"]
[SourceQuality "1"]

1. e4 e6 2. d4 d5 3. exd5 exd5 4. Nf3 Nf6 5. Nc3 Nc6 6. Bf4 Bd6 7. Bg3 Bxg3 8. fxg3 0-0 9. Bd3 Bg4 10. h3 Bxf3 11. Qxf3 Re8+ 12. Ne2 Nb4 13. a3 Nxd3+ 14. Qxd3 Re7 15. 0-0-0 Qe8 16. Nf4 Re3 17. Qf5 g6 18. Qxf6 Re7 19. h4 Rd7 20. h5 Qe3+ 21. Kb1 Rd6 22. Qg5 f6 23. Qh6 Rd7 24. hxg6 hxg6 25. Qh8+ Kf7 26. Rh7# 1-0